XML cho mọi người

Đã lưu trong:
Bibliografiske detaljer
Hovedforfatter: Tittel, Ed
Format: Bog
Sprog:Undetermined
Udgivet: Thành phố Hồ Chí Minh Thống Kê 2001
Fag:
Tags: Tilføj Tag
Ingen Tags, Vær først til at tagge denne postø!
Thư viện lưu trữ: Trung tâm Học liệu Trường Đại học Cần Thơ
LEADER 00514nam a2200181Ia 4500
001 CTU_47390
008 210402s9999 xx 000 0 und d
020 |c 48000 
082 |a 005.7592 
082 |b T622 
100 |a Tittel, Ed 
245 0 |a XML cho mọi người 
245 0 |c Ed Tittel, Frank Boumphrey 
260 |a Thành phố Hồ Chí Minh 
260 |b Thống Kê 
260 |c 2001 
650 |a XML( document markup language ) 
980 |a Trung tâm Học liệu Trường Đại học Cần Thơ